[Event "8th Asian Continental/Individual-Men"]
[Site "Subic Bay Free Port"]
[Date "2009.05.13"]
[Round "1.8"]
[White "Wang, Rui"]
[Black "Le, Quang Liem"]
[Result "0-1"]
[WhiteElo "2434"]
[BlackElo "2591"]
[PlyCount "114"]
[EventDate "2009.05.13"]

1. d4 Nf6 2. c4 e6 3. Nc3 Bb4 4. e3 O-O 5. Nge2 d5 6. a3 Be7 7. Nf4 c6 8. cxd5
exd5 9. Bd3 Re8 10. O-O Nbd7 11. b4 Nb6 12. b5 c5 13. Nh5 cxd4 14. exd4 g6 15.
Ng3 Bd7 16. Qb3 Rc8 17. Bg5 Ng4 18. Bxe7 Qxe7 19. h3 Nf6 20. Rfc1 Be6 21. Na4
Nfd7 22. Nxb6 Nxb6 23. Rxc8 Rxc8 24. Bf1 Nc4 25. Bxc4 dxc4 26. Qc3 Bd5 27. Nf1
h5 28. Re1 Qg5 29. f3 Qd8 30. Ne3 b6 31. Kf1 Qd6 32. a4 Rd8 33. Rd1 Rd7 34. Kf2
h4 35. Kf1 Qe6 36. Ng4 Re7 37. Re1 Qd6 38. Rxe7 Qxe7 39. Qe3 Qxe3 40. Nxe3 c3
41. Ke2 Bb3 42. a5 bxa5 43. Kd3 Ba4 44. Kxc3 Bxb5 45. d5 Kf8 46. Kd4 Ke7 47.
Kc5 a6 48. Kb6 a4 49. Kc7 a3 50. d6+ Ke6 51. Nc2 a2 52. Nd4+ Ke5 53. Nc2 Kf4
54. d7 Bxd7 55. Kxd7 Kg3 56. Ke7 Kxg2 57. Kxf7 Kxh3 0-1

[Event "8th Asian Continental/Individual (Open)"]
[Site "Subic Bay Free Port"]
[Date "2009.05.14"]
[Round "2.19"]
[White "Hossain, Enamul"]
[Black "Xiu, Deshun"]
[Result "0-1"]
[WhiteElo "2531"]
[BlackElo "2422"]
[PlyCount "72"]
[EventDate "2009.05.13"]

1. e4 c5 2. Nf3 d6 3. d4 cxd4 4. Nxd4 Nf6 5. Nc3 a6 6. Bg5 e6 7. f4 Qb6 8. Qd2
Qxb2 9. Rb1 Qa3 10. e5 dxe5 11. fxe5 Nfd7 12. Ne4 Qxa2 13. Rb3 Qa4 14. Be2 Nc6
15. Nxe6 fxe6 16. Nf6+ gxf6 17. exf6 Qa1+ 18. Bd1 Qe5+ 19. Re3 Bb4 20. c3 Bxc3
21. f7+ Kf8 22. Bh6+ Ke7 23. Qxc3 Qxc3+ 24. Rxc3 Kxf7 25. Rg3 Ke7 26. O-O Kd6
27. Rd3+ Kc7 28. Rf7 a5 29. Ba4 b5 30. Bxb5 Nce5 31. Bf4 Kb6 32. Rb3 Nxf7 33.
Bxd7+ Kc5 34. Ba4 Ba6 35. Be3+ Kd5 36. Rb6 Ne5 0-1

[Event "8th Asian Continental/Individu"]
[Site "Subic Bay Free Port"]
[Date "2009.05.15"]
[Round "3.26"]
[White "Al Sayed Moh, Mad N"]
[Black "Causo, Deniel"]
[Result "1-0"]
[WhiteElo "2496"]
[BlackElo "2367"]
[PlyCount "81"]
[EventDate "2009.05.13"]

1. e4 d5 2. exd5 Nf6 3. d4 Nxd5 4. Nf3 Bf5 5. Bd3 Bxd3 6. Qxd3 e6 7. O-O c6 8.
c4 Nf6 9. Nc3 Be7 10. Bf4 O-O 11. Rad1 Re8 12. Rfe1 Nbd7 13. h3 Nf8 14. Qc2 Qa5
15. Bh2 b5 16. c5 b4 17. Ne4 Nxe4 18. Qxe4 Rac8 19. Ne5 Qa6 20. a3 bxa3 21. Ra1
a2 22. Re3 f6 23. Nf3 e5 24. b4 exd4 25. Qxd4 Rcd8 26. Qb2 Kf7 27. Ra3 Qb5 28.
Qxa2+ Rd5 29. Nd4 Qxb4 30. Nxc6 Qxc5 31. Nb4 Red8 32. Rd3 Qxb4 33. Rxd5 Rxd5
34. Qxd5+ Ne6 35. Bg3 Qb6 36. Qh5+ Kg8 37. Qe8+ Bf8 38. Rc1 Nd4 39. Rc8 Qb4 40.
Kh2 g6 41. Rc7 1-0

[Event "8th Asian Continental/Individu"]
[Site "Subic Bay Free Port"]
[Date "2009.05.15"]
[Round "3.27"]
[White "Olay, Edgar Reggie"]
[Black "Deepan, Chakkravarthy J"]
[Result "0-1"]
[WhiteElo "2348"]
[BlackElo "2482"]
[PlyCount "96"]
[EventDate "2009.05.13"]

1. d4 e6 2. c4 b6 3. Nc3 Bb7 4. a3 Nf6 5. Bg5 h6 6. Bh4 Be7 7. e3 O-O 8. Nf3 d5
9. Be2 c5 10. O-O Nbd7 11. Rc1 Rc8 12. cxd5 exd5 13. dxc5 bxc5 14. Qb3 Qb6 15.
Qxb6 Nxb6 16. h3 Rfd8 17. Rfd1 Kf8 18. Bg3 Ne8 19. Kf1 Nd6 20. Nb5 Nxb5 21.
Bxb5 c4 22. a4 a6 23. a5 axb5 24. axb6 Bd6 25. Ra1 Bxg3 26. Ra7 Rb8 27. fxg3
Rd6 28. e4 Rxb6 29. exd5 Rd6 30. Ne5 Kg8 31. Kf2 Bxd5 32. Rxf7 b4 33. Rf4 c3
34. bxc3 bxc3 35. Rfd4 Rf6+ 36. Kg1 c2 37. Rc1 Rb1 38. Nd3 Bb7 39. Rc4 Ba6 40.
R4xc2 Bxd3 41. Rxb1 Bxc2 42. Rb4 Rd6 43. g4 Rd1+ 44. Kf2 Rd2+ 45. Kg3 Bg6 46.
Rb8+ Kh7 47. Rb4 Bf7 48. Rb7 Rxg2+ 0-1

[Event "8th Asian Continental/Individu"]
[Site "Subic Bay Free Port"]
[Date "2009.05.15"]
[Round "3.39"]
[White "Mas, Hafizulhelmi"]
[Black "Bancod, Ronald"]
[Result "1/2-1/2"]
[WhiteElo "2425"]
[BlackElo "2356"]
[PlyCount "109"]
[EventDate "2009.05.13"]

1. e4 e5 2. Bc4 Nf6 3. d3 Nc6 4. Nc3 Bb4 5. Nge2 d5 6. exd5 Nxd5 7. O-O Be6 8.
Bxd5 Bxd5 9. f4 O-O 10. f5 f6 11. Ng3 Rf7 12. Be3 Bxc3 13. bxc3 Ne7 14. c4 Bc6
15. a4 a5 16. c3 Nc8 17. d4 Nb6 18. Qb3 exd4 19. cxd4 Qe7 20. Bd2 Qd7 21. d5
Bxa4 22. Qd3 Nxc4 23. Qxc4 Bb5 24. Qd4 Bxf1 25. Nxf1 Qxf5 26. Ne3 Qe5 27. Qxe5
fxe5 28. Bxa5 Rf4 29. h3 Rd4 30. Kf2 Rd3 31. Ke2 e4 32. Ra4 b6 33. Rxe4 Rxe3+
34. Kxe3 Rxa5 35. Rc4 Rxd5 36. Rxc7 Rg5 37. g4 Rc5 38. Rb7 Rb5 39. Kf4 h6 40.
h4 Kh7 41. h5 Kg8 42. Kf3 Rb1 43. Kf4 b5 44. g5 Rf1+ 45. Ke4 hxg5 46. Rxb5 Rg1
47. Kf5 Kh7 48. Rb6 g4 49. Rg6 g3 50. Kf4 Rf1+ 51. Kxg3 Rg1+ 52. Kf4 Rxg6 53.
hxg6+ Kh6 54. Kf5 Kh5 55. Kf4 1/2-1/2

[Event "8th Asian Continental/Individu"]
[Site "Subic Bay Free Port"]
[Date "2009.05.17"]
[Round "5.37"]
[White "Kim, Alexey"]
[Black "Causo, Deniel"]
[Result "1/2-1/2"]
[WhiteElo "2481"]
[BlackElo "2367"]
[PlyCount "88"]
[EventDate "2009.05.13"]

1. e4 d5 2. exd5 Nf6 3. Nf3 Nxd5 4. c4 Nb4 5. d4 Bf5 6. Qa4+ N8c6 7. Na3 e6 8.
Be3 Be7 9. Be2 O-O 10. O-O a6 11. Rfd1 Qd7 12. Qb3 Na5 13. Qc3 Qa4 14. Rd2 Rfd8
15. Bd1 Qe8 16. Nc2 Nac6 17. Nce1 Nb8 18. a3 N4c6 19. Bf4 Bd6 20. Qe3 Ne7 21.
Nd3 Bxf4 22. Qxf4 Nbc6 23. Nde5 Nxe5 24. Nxe5 Rd6 25. Bh5 Ng6 26. Nxg6 Bxg6 27.
Bf3 Rad8 28. Rad1 c6 29. h4 h6 30. h5 Bh7 31. Qe5 R6d7 32. b4 Qe7 33. d5 exd5
34. Qxe7 Rxe7 35. cxd5 Red7 36. Bg4 Rxd5 37. Rxd5 cxd5 38. Bf3 Kf8 39. Rxd5
Rxd5 40. Bxd5 b6 41. f3 Ke7 42. Kf2 f6 43. Ke3 Kd6 44. Kd4 Bf5 1/2-1/2

[Event "8th Asian Continental/Individu"]
[Site "Subic Bay Free Port"]
[Date "2009.05.17"]
[Round "5.40"]
[White "Celis, Solomon B  Iii"]
[Black "Priyadharshan, K."]
[Result "0-1"]
[WhiteElo "2007"]
[BlackElo "2411"]
[PlyCount "56"]
[EventDate "2009.05.13"]

1. d4 Nf6 2. c4 e6 3. Nc3 Bb4 4. Qc2 Nc6 5. e3 d6 6. Nge2 O-O 7. a3 Bxc3+ 8.
Nxc3 e5 9. dxe5 dxe5 10. b4 Re8 11. Bb2 Nd4 12. exd4 exd4+ 13. Kd2 dxc3+ 14.
Kxc3 b5 15. Rd1 Qe7 16. Bd3 Be6 17. Rhe1 c5 18. Re3 cxb4+ 19. axb4 bxc4 20. Be4
a5 21. bxa5 Rab8 22. Kd2 Nxe4+ 23. Rxe4 Qg5+ 24. Re3 Bf5 25. Qc3 Rxe3 26. fxe3
Rb3 27. Qe5 Qxg2+ 28. Ke1 Qg1+ 0-1

[Event "8th Asian Continental/Individu"]
[Site "Subic Bay Free Port"]
[Date "2009.05.18"]
[Round "6.32"]
[White "Hassan, Abdullah"]
[Black "Mas, Hafizulhelmi"]
[Result "1-0"]
[WhiteElo "2322"]
[BlackElo "2425"]
[PlyCount "67"]
[EventDate "2009.05.13"]

1. d4 Nf6 2. Nf3 g6 3. g3 Bg7 4. Bg2 d5 5. O-O c6 6. c4 dxc4 7. Qc2 Nbd7 8. a4
a5 9. Na3 Nb6 10. e4 O-O 11. h3 Nfd7 12. Rd1 e5 13. Nxe5 Nxe5 14. dxe5 Qe7 15.
Be3 Qb4 16. f4 Re8 17. Qf2 Nd7 18. Bf1 b5 19. Nc2 Qf8 20. Nd4 f6 21. axb5 fxe5
22. Bxc4+ Kh8 23. Ne6 Qb4 24. bxc6 Qxc4 25. Nxg7 Re7 26. cxd7 Bxd7 27. fxe5 Rf7
28. Qd2 Kxg7 29. Rxa5 Re8 30. Rd5 Bxh3 31. Bh6+ Kg8 32. Rd8 Rfe7 33. Qf4 Qe6
34. Qf8+ 1-0

[Event "8th Asian Continental/Individu"]
[Site "Subic Bay Free Port"]
[Date "2009.05.18"]
[Round "6.33"]
[White "Nguyen, Van Huy"]
[Black "Elorta, David"]
[Result "0-1"]
[WhiteElo "2423"]
[BlackElo "2372"]
[PlyCount "100"]
[EventDate "2009.05.13"]

1. e4 c6 2. c4 d6 3. d4 g6 4. Nc3 Bg7 5. Be2 Nh6 6. Be3 f5 7. Qd2 Nf7 8. exf5
gxf5 9. d5 Nd7 10. Nf3 c5 11. O-O O-O 12. Ng5 Nf6 13. Rae1 a6 14. Bd3 Ne5 15.
Kh1 b5 16. cxb5 Nxd3 17. Qxd3 axb5 18. Nxb5 Rxa2 19. b4 h6 20. Qb3 Ra8 21. Ne6
Bxe6 22. dxe6 cxb4 23. Nd4 Ng4 24. Nc6 Qe8 25. Nxb4 f4 26. Bd2 f3 27. h3 Qg6
28. gxf3 Ne5 29. f4 Qh5 30. Qg3 Kh7 31. Rg1 Bh8 32. Qe3 Qf3+ 33. Rg2 Rg8 34.
Reg1 Rxg2 35. Rxg2 Ra1+ 36. Kh2 Ra3 37. Qxa3 Qxa3 38. fxe5 Bxe5+ 39. f4 Bxf4+
40. Bxf4 Qxb4 41. Bc1 d5 42. Bb2 Qd6+ 43. Kg1 h5 44. Re2 Qg3+ 45. Kf1 Qxh3+ 46.
Ke1 h4 47. Bf6 Qg3+ 48. Kd1 Qb3+ 49. Ke1 Qb4+ 50. Kd1 Kg6 0-1

[Event "8th Asian Continental/Individu"]
[Site "Subic Bay Free Port"]
[Date "2009.05.19"]
[Round "7.14"]
[White "Negi, Parimarjan"]
[Black "Dimakiling, Oliver"]
[Result "1-0"]
[WhiteElo "2592"]
[BlackElo "2426"]
[PlyCount "85"]
[EventDate "2009.05.13"]

1. e4 e5 2. Nf3 Nf6 3. Nxe5 d6 4. Nf3 Nxe4 5. Nc3 Nxc3 6. dxc3 Be7 7. Be3 Nc6
8. Qd2 Bg4 9. Nd4 O-O 10. h3 Bd7 11. O-O-O d5 12. Nf3 Be6 13. h4 f6 14. h5 a6
15. Be2 b5 16. g4 Qd7 17. Rhg1 Ne5 18. Nd4 Bxg4 19. f4 Bxe2 20. fxe5 Bxh5 21.
e6 Qe8 22. Nf5 g5 23. Bd4 h6 24. Nxh6+ Kh7 25. Nf5 Bd6 26. Rh1 Bf4 27. Be3 Qxe6
28. Rxh5+ Kg6 29. Rh6+ Kxf5 30. Bxf4 gxf4 31. Re1 Qxe1+ 32. Qxe1 Rg8 33. Rh5+
Rg5 34. Rh1 Rag8 35. Rf1 c6 36. Qd2 Rg4 37. b3 Re8 38. Qd3+ Re4 39. Qh3 Re7 40.
Qh5+ Rg5 41. Qh3+ Rg4 42. Rg1 Reg7 43. Kd2 1-0

[Event "8th Asian Continental/Individu"]
[Site "Subic Bay Free Port"]
[Date "2009.05.20"]
[Round "8.3"]
[White "Dao, Thien Hai"]
[Black "Hou, Yifan"]
[Result "0-1"]
[WhiteElo "2546"]
[BlackElo "2590"]
[PlyCount "64"]
[EventDate "2009.05.13"]

1. d4 e6 2. c4 Nf6 3. Nf3 b6 4. g3 Bb4+ 5. Nbd2 Ba6 6. Qc2 O-O 7. Bg2 d5 8. O-O
c5 9. dxc5 Bxc5 10. b3 Nbd7 11. Bb2 Rc8 12. a4 Qe7 13. Nd4 Bb7 14. Rfd1 Ne5 15.
Rac1 Neg4 16. e3 dxc4 17. bxc4 Nxf2 18. Bxb7 Nxd1 19. Bxc8 Nxe3 20. Qd3 Nf5 21.
Bxe6 fxe6 22. N2b3 Qd7 23. Rd1 Rd8 24. Qe2 Qd6 25. Kg2 Nxd4 26. Rxd4 Bxd4 27.
Bxd4 Qc6+ 28. Kh3 Qe4 29. Qb2 Rf8 30. Qc3 Qg4+ 31. Kg2 Qe2+ 32. Kh3 Qf1+ 0-1